India can tap the emerging global opportunities (Record no. 51153)

MARC details
000 -LEADER
fixed length control field 00275nam a2200109Ia 4500
100 ## - MAIN ENTRY--AUTHOR NAME
Personal name Sajen Peter
245 #0 - TITLE STATEMENT
Title India can tap the emerging global opportunities
260 ## - PUBLICATION, DISTRIBUTION, ETC. (IMPRINT)
Name of publisher Rubber Asia
Year of publication 2008
300 ## - PHYSICAL DESCRIPTION
Number of Pages 27-28
942 ## - ADDED ENTRY ELEMENTS (KOHA)
Koha item type Bibliography STAF
Holdings
Withdrawn status Lost status Damaged status Not for loan Home library Current library Shelving location Date acquired Serial Enumeration / chronology Koha item type
      Bibliography RRII Library RRII Library Rubber general 11/02/2008 Volume 22, Issue 1 Bibliography STAF